Statistics for Countries of the World with No Closed Letters

Click here to take the quiz!

General Stats

  • This quiz has been taken 2,422 times
    (2,413 since last reset)
  • The average score is 3 of 5

Answer Stats

Answer% Correct
FIJI
84%
CHILE
73%
YEMEN
60%
SEYCHELLES
44%
LIECHTENSTEIN
43%

Score Distribution

Percentile by Number Answered

Percent of People with Each Score

Your Score History

You have not taken this quiz since the last reset